| 000 | 00548nam a22002057a 4500 | ||
|---|---|---|---|
| 005 | 20171214151247.0 | ||
| 008 | 171214b xxu||||| |||| 00| 0 spa d | ||
| 041 | _aspa | ||
| 082 | _a972.86 N964n | ||
| 245 | _aNuestro patrimonio arquitectónico pública | ||
| 260 | _aCosta Rica | ||
| 260 | _bImprenta Nacional | ||
| 260 | _c2008 | ||
| 300 | _a128 páginas | ||
| 650 |
_aCOSTA RICA _945169 |
||
| 650 |
_aPATRIMONIO ARQUITECTÓNICO _96791 |
||
| 650 |
_aEDIFICIOS PÚBLICOS _945170 |
||
| 650 |
_aPATRIMONIO HISTORICO _919050 |
||
| 942 | _cBK | ||
| 999 |
_c10185 _d10185 |
||